| 000 | 00492nam a2200121Ia 4500 | ||
|---|---|---|---|
| 008 | 220615s9999||||xx |||||||||||||| ||und|| | ||
| 100 | _aFedeli, Monica | ||
| 245 | 0 | _aChapter The Student Voice in Higher Education and the Implications of Promoting Faculty Development | |
| 546 | _aEnglish[eng] | ||
| 650 | _ateaching and learning methods||student voice||Faculty Development||professional development | ||
| 856 | _uhttps://library.oapen.org/bitstream/20.500.12657/55951/1/13819.pdf | ||
| 942 | _cEB | ||
| 999 |
_c9106 _d9106 |
||